| 000 | 00460nam a2200169Ia 4500 | ||
|---|---|---|---|
| 001 | 68178 | ||
| 008 | 150819s9999 xx 000 0 und d | ||
| 020 | _a9780521134361 | ||
| 040 | _cPK-LaUMT | ||
| 082 |
_a 711.40724 _bBAT-U |
||
| 100 | _aBatty, Michael | ||
| 245 |
_aUrban modelling _balgorithms, calibration, predictions _cBatty, Michael |
||
| 260 |
_aCambridge, USA: _bCambridge University Press, _c1976 |
||
| 300 | _a381 p. | ||
| 546 | _aEN | ||
| 942 | _cBK | ||
| 999 |
_c74210 _d74210 |
||